000 01275nam a2200337 i 4500
003 EG-GICUC
005 20260121101441.0
008 251208s1987 ua ||||fr|||| 000 0 ara d
017 _a87/3609
020 _a977-103-365-3
040 _a EG-GICUC
_bara
_c EG-GICUC
_d EG-GICUC
_erda
041 _aara
082 0 4 _221
_a343.471
_bف ت . م
092 0 4 _221
099 _aLaw1 10 343.471 ف ت . م 1987
100 0 _aفتيحة قرة.
_eمؤلف.
245 1 2 _aالمرجع في جريمة خلو الرجل و مقدم الإيجار وفقا لأحداث احكام محكمة النقض الجنائية والمدنية /
_cفتيحة قرة
264 1 _aالإسكندرية :
_bمنشأة المعارف،
_c1987.
300 _a434 صفحة ؛
_c24 سم
336 _2rda content
_atext
337 _2rda media
_aComputer
338 _2rda carrier
_aOnline Resource
504 _a. 240-220 ببليوجرافيا: صفحات.
546 _aالنص باللغة العربية
650 1 4 _aالتشريعات المتعلقة بالمباني والإسكان
_2qrmak
650 1 4 _aأركان الجريمة
651 1 _2qrmak
856 4 0 _uhttps://fll.law.cu.edu.eg/fulltext/bks/B10-06653.pdf
905 _a79
_eHassnaa
942 _2ddc
_cBK
_e21
_n0
999 _c49126
_d49126